| 000 | 01853nam2a22002891 4500 | ||
|---|---|---|---|
| 001 | v19\rc\1253373 | ||
| 005 | 20250617235724.0 | ||
| 035 | _a(NLR Aleph) 004409179 | ||
| 090 |
_a3981949 _c3981949 |
||
| 100 | _a20060306d1890 |||y0rusy50 ca | ||
| 101 | 0 | _arus | |
| 102 | _aRU | ||
| 105 | _ay z ||||| | ||
| 200 | 0 | _a... по сведению 1-го ноября 1890 г. | |
| 210 |
_d1890 _aБ. м. |
||
| 215 | _a11 с. | ||
| 311 | _aЧасть тиража вышло как прил. к журн. Рус. спорт, 1890, № 48 | ||
| 316 |
_aЭкз. РНБ (2/1353н): приплетен к ... _5NLR: 2/1353н |
||
| 422 | 0 |
_12001#$aРусский спорт$v1890, № 48 _tРусский спорт |
|
| 461 | 0 |
_1001v19\rc\1253372 _12001#$a[Заводские жеребцы ...$aЗаводские матки] ...$fКонный завод коллежского советника А.Н. Кривцова Тульск. губ., Крапивенск. уезда при с. Ламинцове$v... по сведению 1-го ноября 1890 г.$90 _93981939 _aКонный завод А.Н. Кривцова (с. Ламинцово, Тульск. губ.) _cМосква _d1890 _fКонный завод коллежского советника А.Н. Кривцова Тульск. губ., Крапивенск. уезда при с. Ламинцове _nизд. "Русского спорта" _t[Заводские жеребцы ... _v... по сведению 1-го ноября 1890 г.$90 |
|
| 482 | 0 |
_1001RU\NLR\INFOCOMM18\1000198852 _12001#$aРусский спорт$eЖурнал$v1890, № 48 _94465807 _cБ. м. _d1890 _tРусский спорт. - Г.9 1890, №48 _v1890, № 48 |
|
| 801 | 0 |
_aRU _bNLR _gpsbo |
|
| 801 | 1 |
_aRU _bProSoft-M _2rusmarc |
|
| 852 |
_aNLR _j18.294.4.20 |
||
| 852 |
_aNLR _j2/1353н |
||
| 942 | _cBOOK | ||
| 980 | _aNB | ||